[Event "CHN-ch U20"]
[Site "Shanghai"]
[Date "2024.02.20"]
[Round "9"]
[White "Li, Chengzhang"]
[Black "Jin, Ruijun"]
[Result "0-1"]
[WhiteElo "1616"]
[BlackElo "1683"]
[PlyCount "82"]
[EventDate "2024.02.16"]
[EventType "swiss"]
[EventRounds "11"]
[EventCountry "CHN"]
[SourceTitle "CB09_2024"]
[SourceDate "2024.02.28"]
[SourceVersion "1"]
[SourceVersionDate "2024.02.28"]
[SourceQuality "1"]

1. d4 d5 2. c4 e6 3. Nc3 Nf6 4. Nf3 Nbd7 5. Qc2 c5 6. cxd5 Nxd5 7. Nxd5 exd5 8. dxc5 Nxc5 9. e3 Ne4 10. Bb5+ Bd7 11. Qa4 Bd6 12. Bxd7+ Qxd7 13. Qxd7+ Kxd7 14. Bd2 Rac8 15. Ke2 Rc2 16. Rab1 Nxd2 17. Nxd2 Be5 18. Rhc1 Rhc8 19. Kd1 Rxc1+ 20. Rxc1 Rxc1+ 21. Kxc1 Bxh2 22. Nf3 Bd6 23. Kc2 f6 24. Kd3 h5 25. e4 dxe4+ 26. Kxe4 Bc5 27. Kf5 Bxf2 28. Kg6 Ke6 29. Kxh5 Kf5 30. g4+ Kf4 31. Nd2 Bd4 32. Nc4 g6+ 33. Kxg6 Kxg4 34. b4 f5 35. b5 f4 36. Nd2 f3 37. Kf7 f2 38. Ke6 Kh3 39. Kd5 Bc3 40. Nf1 Kg2 41. Ne3+ Kg1 0-1

[Event "CHN-ch U20"]
[Site "Shanghai"]
[Date "2024.02.19"]
[Round "7"]
[White "Chen, Ivheng"]
[Black "Jin, Ruijun"]
[Result "1-0"]
[WhiteElo "1904"]
[BlackElo "1683"]
[PlyCount "79"]
[EventDate "2024.02.16"]
[EventType "swiss"]
[EventRounds "11"]
[EventCountry "CHN"]
[SourceTitle "CB09_2024"]
[SourceDate "2024.02.28"]
[SourceVersion "1"]
[SourceVersionDate "2024.02.28"]
[SourceQuality "1"]

1. d4 c5 2. d5 d6 3. Nc3 e5 4. e4 a6 5. a4 Be7 6. h3 Bg5 7. Nf3 Bxc1 8. Qxc1 Ne7 9. Bd3 0-0 10. 0-0 Nd7 11. Ne2 Ng6 12. c3 Nf6 13. Kh2 Bd7 14. b3 h6 15. a5 Nh5 16. g3 Qc8 17. Nfg1 Qe8 18. Qe3 Qe7 19. Rab1 Rac8 20. Rfc1 Qd8 21. Ra1 Ne7 22. Rf1 Kh8 23. g4 Nf6 24. f3 Ng6 25. c4 Nh7 26. Rfb1 Qh4 27. Kg2 Qf6 28. b4 Rc7 29. bxc5 Nf4+ 30. Kg3 Nxe2+ 31. Nxe2 dxc5 32. Rb6 Qd8 33. f4 Re8 34. Rf1 Nf6 35. fxe5 Rxe5 36. Rfxf6 gxf6 37. Qxh6+ Kg8 38. Nf4 Qf8 39. Qxf6 Re8 40. Nh5 1-0

[Event "CHN-ch U20"]
[Site "Shanghai"]
[Date "2024.02.19"]
[Round "8"]
[White "Jin, Ruijun"]
[Black "Yu, Zhenghuan"]
[Result "1-0"]
[WhiteElo "1683"]
[BlackElo "1411"]
[PlyCount "63"]
[EventDate "2024.02.16"]
[EventType "swiss"]
[EventRounds "11"]
[EventCountry "CHN"]
[SourceTitle "CB09_2024"]
[SourceDate "2024.02.28"]
[SourceVersion "1"]
[SourceVersionDate "2024.02.28"]
[SourceQuality "1"]

1. e4 d6 2. d4 g6 3. Nf3 Bg7 4. Bd3 Nf6 5. h3 0-0 6. 0-0 c5 7. dxc5 dxc5 8. e5 Nd5 9. Be4 Nc7 10. Nc3 Nd7 11. Bf4 Ne6 12. Bg3 f5 13. exf6 Nxf6 14. Bd3 Nh5 15. Bh4 Kh8 16. Re1 Bf6 17. Bxf6+ exf6 18. Bc4 Nef4 19. Ne4 Be6 20. Bxe6 Nxe6 21. Qd6 Qc8 22. Rad1 Rd8 23. Qe7 Re8 24. Qd7 Nd4 25. Qxc8 Nxf3+ 26. gxf3 Raxc8 27. Nd6 Rxe1+ 28. Rxe1 Rc7 29. Re8+ Kg7 30. Rb8 Kh6 31. Rxb7 Rc6 32. Nf7+ 1-0

[Event "Hohhot National op"]
[Site "Hohhot"]
[Date "2023.12.22"]
[Round "6"]
[White "Jin, Ruijun"]
[Black "En, He"]
[Result "1/2-1/2"]
[WhiteElo "1610"]
[BlackElo "1898"]
[PlyCount "88"]
[EventDate "2023.12.20"]
[EventType "swiss"]
[EventRounds "9"]
[EventCountry "CHN"]
[SourceTitle "CB52_2023"]
[SourceDate "2023.12.27"]
[SourceVersion "1"]
[SourceVersionDate "2023.12.27"]
[SourceQuality "1"]

1. e4 e6 2. d4 d5 3. Nc3 dxe4 4. Nxe4 Nd7 5. Nf3 Ngf6 6. Nxf6+ Nxf6 7. g3 Bd7 8. Ne5 Bc6 9. Nxc6 Qd5 10. Rg1 Qxc6 11. Bg2 Qb6 12. c3 0-0-0 13. Qb3 Bd6 14. Qxb6 axb6 15. Bf3 Rhe8 16. Kf1 e5 17. dxe5 Re7 18. e6 Rxe6 19. Kg2 Re5 20. h4 h6 21. Rd1 b5 22. Be3 c6 23. Rd4 Re6 24. Rd3 Rde8 25. b4 Be7 26. Rc1 Rd6 27. Rcd1 Red8 28. Rxd6 Rxd6 29. Rxd6 Bxd6 30. Bd4 Kd7 31. Bd1 Ke7 32. Kf3 g6 33. a4 bxa4 34. Bxa4 Nd7 35. Be3 b5 36. Bc2 Be5 37. Bd2 h5 38. Be4 Kd6 39. Ke2 f5 40. Bc2 Nb6 41. f4 Bf6 42. Kd3 Nc4 43. Bb3 Kd5 44. Be3 Bd8 1/2-1/2

[Event "Hohhot National op"]
[Site "Hohhot"]
[Date "2023.12.22"]
[Round "5"]
[White "Liu, Bolei"]
[Black "Jin, Ruijun"]
[Result "0-1"]
[WhiteElo "1775"]
[BlackElo "1610"]
[PlyCount "44"]
[EventDate "2023.12.20"]
[EventType "swiss"]
[EventRounds "9"]
[EventCountry "CHN"]
[SourceTitle "CB52_2023"]
[SourceDate "2023.12.27"]
[SourceVersion "1"]
[SourceVersionDate "2023.12.27"]
[SourceQuality "1"]

1. d4 c5 2. Nf3 cxd4 3. Nxd4 d5 4. Nc3 Nf6 5. Bf4 Nbd7 6. Ndb5 e5 7. Bg5 a6 8. Na3 d4 9. Ncb1 h6 10. Bd2 b5 11. e3 Bc5 12. exd4 Bxd4 13. c3 Bxf2+ 14. Kxf2 Ne4+ 15. Kf3 Ndc5 16. Qc1 Qf6+ 17. Bf4 Bb7 18. Qe3 Nxc3+ 19. Kg3 N3e4+ 20. Kg4 h5+ 21. Kh3 Qf5+ 22. g4 Qxg4# 0-1

[Event "Belt and Road op-B 3rd"]
[Site "Qinhuangdao"]
[Date "2023.11.21"]
[Round "5"]
[White "Jin, Ruijun"]
[Black "Aldar, Burentegsh"]
[Result "0-1"]
[WhiteElo "1637"]
[BlackElo "1927"]
[PlyCount "74"]
[EventDate "2023.11.19"]
[EventType "swiss"]
[EventRounds "9"]
[EventCountry "CHN"]
[SourceTitle "CB49_2023"]
[SourceDate "2023.12.06"]
[SourceVersion "1"]
[SourceVersionDate "2023.12.06"]
[SourceQuality "1"]

1. e4 c6 2. d4 d5 3. exd5 cxd5 4. Bd3 Nf6 5. h3 Nc6 6. c3 g6 7. Nf3 Bg7 8. Bf4 0-0 9. Nbd2 Bf5 10. Bxf5 gxf5 11. 0-0 Ne4 12. Ne1 e6 13. Nd3 Ne7 14. f3 Nd6 15. Qe2 Ng6 16. Bxd6 Qxd6 17. f4 Kh8 18. g3 Bf6 19. Nf3 Rg8 20. Nde5 Bxe5 21. dxe5 Nxf4 22. Qe3 Rxg3+ 23. Kf2 Rg2+ 24. Ke1 Qb6 25. Nd4 Re2+ 26. Qxe2 Nxe2 27. Kxe2 Qxb2+ 28. Kd3 Rc8 29. Rac1 Qxa2 30. Rf3 b5 31. Nc2 Qc4+ 32. Kd2 Rg8 33. Rf2 Rg3 34. Ne3 Qe4 35. Re1 d4 36. Nc2 Qd3+ 37. Kc1 Qxc3 0-1

[Event "Belt and Road op-B 3rd"]
[Site "Qinhuangdao"]
[Date "2023.11.21"]
[Round "4"]
[White "Yuan, Qijun"]
[Black "Jin, Ruijun"]
[Result "0-1"]
[WhiteElo "1269"]
[BlackElo "1637"]
[PlyCount "76"]
[EventDate "2023.11.19"]
[EventType "swiss"]
[EventRounds "9"]
[EventCountry "CHN"]
[SourceTitle "CB49_2023"]
[SourceDate "2023.12.06"]
[SourceVersion "1"]
[SourceVersionDate "2023.12.06"]
[SourceQuality "1"]

1. e4 c5 2. Nf3 d6 3. d4 cxd4 4. Nxd4 Nf6 5. Nc3 a6 6. Be3 Ng4 7. Bc1 Nf6 8. Be3 e6 9. f3 b5 10. Qd2 Nbd7 11. g4 b4 12. Nce2 h6 13. Nc6 Qc7 14. Nxb4 d5 15. Ng3 Ne5 16. Be2 dxe4 17. Nxe4 Nxe4 18. fxe4 Bb7 19. 0-0-0 Be7 20. Bf4 0-0 21. Nd3 Bd6 22. Nxe5 Bxe5 23. Bxe5 Qxe5 24. Qe3 Rab8 25. Bd3 Rfc8 26. Qg3 Qc5 27. Rhf1 a5 28. Qf2 Qc7 29. h4 a4 30. Qf4 e5 31. Qd2 Bc6 32. h5 Qb7 33. c3 Bxe4 34. Bxe4 Qxe4 35. g5 hxg5 36. Rde1 Qc4 37. Qxg5 Rxb2 38. Qxe5 Qxa2 0-1